[Event "Osijek-ch op"]
[Site "Osijek"]
[Date "2014.02.23"]
[Round "7"]
[White "Skrbic, David"]
[Black "Vidakovic, Matija"]
[Result "1-0"]
[WhiteElo "1937"]
[BlackElo "1836"]
[PlyCount "75"]
[EventDate "2014.02.20"]
[EventType "swiss"]
[EventRounds "7"]
[EventCountry "CRO"]
[SourceTitle "CBM 159 Extra"]
[Source "ChessBase"]
[SourceDate "2014.04.24"]
[SourceVersion "1"]
[SourceVersionDate "2014.04.24"]
[SourceQuality "1"]

1. e4 e5 2. Nf3 Nc6 3. Bb5 a6 4. Ba4 Nf6 5. 0-0 b5 6. Bb3 Be7 7. Re1 d6 8. c3 0-0 9. h3 Na5 10. Bc2 c5 11. d4 Nc6 12. Be3 Qc7 13. Nbd2 Bb7 14. d5 Na5 15. a4 b4 16. cxb4 cxb4 17. Nf1 Nc4 18. Bc1 a5 19. b3 Nb6 20. Bg5 h6 21. Be3 Ba6 22. Ng3 Rfc8 23. Rc1 Qb7 24. Nf5 Bf8 25. Bb1 Rxc1 26. Qxc1 Rc8 27. Qd2 Kh7 28. Rc1 Nbd7 29. Nh2 Nc5 30. Bxc5 dxc5 31. Nf3 Nd7 32. Ne3 Bd6 33. Bd3 g6 34. Ng4 Bxd3 35. Qxh6+ Kg8 36. Ng5 f5 37. Qh7+ Kf8 38. Qf7# 1-0

[Event "Osijek-ch op"]
[Site "Osijek"]
[Date "2014.02.21"]
[Round "3"]
[White "Babic, Josip"]
[Black "Vidakovic, Matija"]
[Result "0-1"]
[WhiteElo "1511"]
[BlackElo "1836"]
[PlyCount "96"]
[EventDate "2014.02.20"]
[EventType "swiss"]
[EventRounds "7"]
[EventCountry "CRO"]
[SourceTitle "CBM 159 Extra"]
[Source "ChessBase"]
[SourceDate "2014.04.24"]
[SourceVersion "1"]
[SourceVersionDate "2014.04.24"]
[SourceQuality "1"]

1. e4 e5 2. g3 Nf6 3. Bg2 Nc6 4. c3 Bc5 5. b4 Bb6 6. a4 a5 7. b5 Ne7 8. h3 d6 9. d3 Be6 10. Bg5 Ng6 11. Qf3 h6 12. Bxf6 gxf6 13. c4 Nf8 14. Ne2 Nh7 15. h4 Qd7 16. Nbc3 Bg4 17. Bh3 Bxh3 18. Nd5 Qe6 19. Nxb6 cxb6 20. Qe3 Bg4 21. Nc3 f5 22. Qxb6 fxe4 23. Nd5 0-0 24. Kd2 exd3 25. Rhe1 Qd7 26. Qe3 h5 27. f3 Bf5 28. Rg1 Rac8 29. Rac1 Rc5 30. g4 hxg4 31. fxg4 Bxg4 32. Qe4 f5 33. Qg2 Kh8 34. Nb6 Qg7 35. Kxd3 Nf6 36. Kc3 Nh5 37. Kb2 Nf4 38. Qd2 Rf6 39. Nd5 Nxd5 40. cxd5 b6 41. Rxc5 dxc5 42. Ka3 Rd6 43. h5 Kh7 44. Qg2 Qf7 45. Qc2 Qxd5 46. Rxg4 Qd3+ 47. Kb2 Qxc2+ 48. Kxc2 fxg4 0-1

[Event "Osijek op"]
[Site "Osijek"]
[Date "2013.02.21"]
[Round "1.17"]
[White "Vidakovic, Matija"]
[Black "Gnjezdur, Vladimir"]
[Result "1/2-1/2"]
[WhiteElo "1852"]
[BlackElo "2186"]
[PlyCount "114"]
[EventDate "2013.02.21"]
[EventType "swiss"]
[EventRounds "7"]
[EventCountry "CRO"]
[SourceTitle "EXT 2014"]
[Source "ChessBase"]
[SourceDate "2013.11.20"]
[SourceVersion "1"]
[SourceVersionDate "2013.11.20"]
[SourceQuality "1"]

1. e4 c5 2. Nf3 g6 3. Bc4 Bg7 4. c3 b6 5. Qe2 Nc6 6. a4 e6 7. 0-0 Nge7 8. d3 0-0 9. Re1 d5 10. Bb3 e5 11. Nbd2 h6 12. exd5 Nxd5 13. Ne4 Re8 14. Ba2 Ba6 15. Qc2 f5 16. Ng3 Qd7 17. Nh4 Kh7 18. h3 Rad8 19. Bd2 Nf4 20. Bxf4 exf4 21. Nf1 Bxd3 22. Qc1 g5 23. Nf3 Ne5 24. Nxe5 Rxe5 25. Bb3 Rd5 26. Bxd5 Qxd5 27. Nh2 c4 28. Rd1 Bf6 29. Nf3 g4 30. hxg4 fxg4 31. Ne1 Qe5 32. Nxd3 cxd3 33. Qd2 g3 34. Qe1 Qc5 35. Qe4+ Kg8 36. Qxf4 gxf2+ 37. Qxf2 Qh5 38. Rd2 Be5 39. g3 Rf8 40. Qh2 Qf3 41. Rf2 Qe3 42. Kf1 Bxg3 43. Rxf8+ Kxf8 44. Qg2 d2 45. Qe2 Qf4+ 46. Kg2 Be1 47. Qf3 Qxf3+ 48. Kxf3 h5 49. Ke2 Kf7 50. Ra3 Ke6 51. Rb3 h4 52. Rb5 Kd6 53. Rh5 a6 54. a5 Kc6 55. b4 Kd6 56. Rh6+ Kc7 57. b5 axb5 1/2-1/2

[Event "Osijek op"]
[Site "Osijek"]
[Date "2007.02.13"]
[Round "7"]
[White "Grguric, Stjepan Kresimir"]
[Black "Vidakovic, Matija"]
[Result "1-0"]
[WhiteElo "1763"]
[BlackElo "1753"]
[PlyCount "155"]
[EventDate "2007.02.08"]
[EventType "swiss"]
[EventRounds "9"]
[EventCountry "CRO"]
[SourceTitle "CBM 116 Extra"]
[Source "ChessBase"]
[SourceDate "2007.03.07"]
[SourceVersion "1"]
[SourceVersionDate "2007.03.07"]
[SourceQuality "1"]

1. e4 e5 2. Nf3 Nc6 3. Bb5 Bc5 4. Nc3 d6 5. d3 Bg4 6. 0-0 Nge7 7. Be3 0-0 8. h3 Bxf3 9. Qxf3 Nd4 10. Bxd4 Bxd4 11. Nd1 c6 12. Ba4 f5 13. c3 Bb6 14. Bb3+ Kh8 15. Qe2 fxe4 16. dxe4 Rf4 17. Bc2 Ng6 18. Ne3 Nh4 19. g3 Nf3+ 20. Kg2 Rf8 21. Nf5 g6 22. Qxf3 gxf5 23. exf5 d5 24. Rad1 Qf6 25. g4 Rf7 26. Rde1 Raf8 27. Qe2 Bc7 28. Qe3 h6 29. Qxa7 Qd6 30. Qe3 e4 31. Qg3 Qf6 32. Qe3 h5 33. f4 exf3+ 34. Rxf3 h4 35. Qd4 Qxd4 36. cxd4 Bb6 37. Rf4 Bc7 38. Rf2 Bg3 39. Rfe2 Bxe1 40. Rxe1 Rg8 41. Re6 Kg7 42. Kf3 Ra8 43. a3 Rc8 44. b4 Rcc7 45. g5 Kh8 46. Re8+ Kg7 47. f6+ Rxf6+ 48. gxf6+ Kxf6 49. Rh8 Kg5 50. Rh7 Rc8 51. Rxb7 Rf8+ 52. Kg2 Rf4 53. Rc7 Rxd4 54. Rxc6 Rd2+ 55. Kf1 Kf4 56. a4 Kf3 57. Ke1 Rh2 58. Bf5 Ke3 59. Kd1 d4 60. Rd6 Ra2 61. Re6+ Kf3 62. Bc2 Rb2 63. b5 Kg3 64. Re4 Rb4 65. Kd2 Kxh3 66. Kd3 Kg3 67. Rxd4 Rb2 68. Kc3 Ra2 69. Kb3 Ra1 70. b6 Re1 71. b7 Re8 72. a5 h3 73. Rd3+ Kg2 74. Rxh3 Kxh3 75. a6 Rb8 76. Be4 Kg4 77. a7 Rxb7+ 78. Bxb7 1-0

[Event "Osijek op"]
[Site "Osijek"]
[Date "2007.02.10"]
[Round "3"]
[White "Babic, Radoslav"]
[Black "Vidakovic, Matija"]
[Result "1-0"]
[WhiteElo "2027"]
[BlackElo "1753"]
[PlyCount "99"]
[EventDate "2007.02.08"]
[EventType "swiss"]
[EventRounds "9"]
[EventCountry "CRO"]
[SourceTitle "CBM 116 Extra"]
[Source "ChessBase"]
[SourceDate "2007.03.07"]
[SourceVersion "1"]
[SourceVersionDate "2007.03.07"]
[SourceQuality "1"]

1. e4 e5 2. Nf3 Nc6 3. Nc3 Nf6 4. Bb5 Bc5 5. 0-0 0-0 6. d3 d6 7. h3 Nd4 8. Nxd4 Bxd4 9. Ne2 Bc5 10. c3 c6 11. Ba4 b5 12. Bc2 a5 13. d4 exd4 14. cxd4 Bb6 15. Bf4 Ba6 16. Ng3 h6 17. Nf5 Bc7 18. Qf3 Re8 19. Qg3 Nh5 20. Qg4 g6 21. Nxh6+ Kf8 22. Bg5 Qc8 23. Qf3 Qd7 24. Bb3 Kg7 25. g4 f6 26. Be3 d5 27. exd5 Rxe3 28. fxe3 Qd6 29. Rf2 Ng3 30. g5 f5 31. Rc1 cxd5 32. Qxd5 Rc8 33. Qxd6 Bxd6 34. Rxc8 Bxc8 35. Bd5 Bd7 36. e4 a4 37. e5 Be7 38. h4 b4 39. Kg2 Nh5 40. Kf3 Kf8 41. Rc2 Bd8 42. Bf7 Ng7 43. Bxg6 b3 44. axb3 axb3 45. Rd2 Ba5 46. Rd1 Ke7 47. d5 Bc8 48. d6+ Ke6 49. Kf4 Bd7 50. Bf7# 1-0